[Event "Muensterland Verbandsliga 1920"]
[Site "Germany"]
[Date "2019.09.07"]
[Round "1.5"]
[White "Fehlings, Gerd"]
[Black "Pinno, Gregor"]
[Result "0-1"]
[WhiteElo "1729"]
[BlackElo "1838"]
[PlyCount "74"]
[EventDate "2019.09.07"]
[EventType "team-tourn"]
[EventRounds "7"]
[EventCountry "GER"]
[SourceTitle "EXT 2023"]
[Source "ChessBase"]
[SourceDate "2022.10.05"]
[SourceVersion "1"]
[SourceVersionDate "2022.10.05"]
[SourceQuality "1"]
[WhiteTeam "Emsdetten Rochade II"]
[BlackTeam "Olfen"]
[WhiteTeamCountry "GER"]
[BlackTeamCountry "GER"]

1. d4 d5 2. Nf3 Nf6 3. c4 dxc4 4. g3 e6 5. Qa4+ Nc6 6. Qxc4 Be7 7. Bg2 0-0 8. Nc3 Na5 9. Qa4 c5 10. dxc5 Bd7 11. Qd4 Nc6 12. Qd3 Nb4 13. Qb1 Bxc5 14. 0-0 Bc6 15. a3 Nbd5 16. Nxd5 Bxd5 17. b4 Bb6 18. Bg5 h6 19. Bxf6 Qxf6 20. Nd2 Bxg2 21. Kxg2 Rfd8 22. Nc4 Bd4 23. Ra2 b5 24. Na5 Rac8 25. e3 Bb6 26. Rc2 Qe5 27. Rxc8 Rxc8 28. Rc1 Rc3 29. Rxc3 Qxc3 30. Qb3 Qc7 31. a4 Bxa5 32. bxa5 Qc6+ 33. Kh3 bxa4 34. Qb8+ Kh7 35. Qxa7 a3 36. Qd4 Qb5 37. Qe4+ Qf5+ 0-1

[Event "Muensterland Regionalliga 1819"]
[Site "Germany"]
[Date "2018.09.08"]
[Round "1.5"]
[White "Kornick, Ulrich"]
[Black "Pinno, Gregor"]
[Result "1/2-1/2"]
[WhiteElo "1939"]
[BlackElo "1813"]
[PlyCount "54"]
[EventDate "2018.09.08"]
[EventType "team-tourn"]
[EventRounds "9"]
[EventCountry "GER"]
[SourceTitle "EXT 2020"]
[Source "ChessBase"]
[SourceDate "2019.10.17"]
[SourceVersion "1"]
[SourceVersionDate "2019.10.17"]
[SourceQuality "1"]
[WhiteTeam "Rheine Klein Berlin"]
[BlackTeam "Olfen"]
[WhiteTeamCountry "GER"]
[BlackTeamCountry "GER"]

1. d4 d5 2. Nf3 Nf6 3. c4 dxc4 4. Nc3 e6 5. e3 c5 6. Bxc4 a6 7. 0-0 b5 8. Bb3 Bb7 9. dxc5 Qxd1 10. Rxd1 Bxc5 11. a4 b4 12. Ne2 Nbd7 13. a5 0-0 14. Ba4 Rfd8 15. Ned4 Rac8 16. Bd2 Bf8 17. Nb3 Ne4 18. Be1 Ndc5 19. Nxc5 Nxc5 20. Rxd8 Rxd8 21. Bd1 Nd3 22. b3 Nxe1 23. Nxe1 Rd2 24. Bc2 Bd6 25. Rc1 Kf8 26. Nd3 Be4 27. Nxb4 Bxb4 1/2-1/2

[Event "Muensterland Verbandsliga 1718"]
[Site "Germany"]
[Date "2018.01.20"]
[Round "5.4"]
[White "Pinno, Gregor"]
[Black "Kuhlenbaeumer, Alfred"]
[Result "1-0"]
[WhiteElo "1776"]
[BlackElo "1879"]
[PlyCount "45"]
[EventDate "2017.09.09"]
[EventType "team-tourn"]
[EventRounds "9"]
[EventCountry "GER"]
[SourceTitle "EXT 2019"]
[Source "ChessBase"]
[SourceDate "2018.10.10"]
[SourceVersion "1"]
[SourceVersionDate "2018.10.10"]
[SourceQuality "1"]
[WhiteTeam "Olfen"]
[BlackTeam "Telgte"]
[WhiteTeamCountry "GER"]
[BlackTeamCountry "GER"]

1. Nf3 b6 2. g3 Bb7 3. Bg2 e6 4. 0-0 Nf6 5. d3 d5 6. Nbd2 Nbd7 7. Re1 Be7 8. e4 dxe4 9. dxe4 0-0 10. Qe2 c5 11. e5 Nd5 12. c4 Nb4 13. Ne4 Qc7 14. Bf4 Rad8 15. Rad1 Ba8 16. Nf6+ Nxf6 17. exf6 Bd6 18. fxg7 Rfe8 19. Rxd6 Rxd6 20. Ng5 f6 21. Qh5 fxg5 22. Qxe8+ Kxg7 23. Be5+ 1-0

[Event "Muensterland Regionalliga 1617"]
[Site "Germany"]
[Date "2016.09.17"]
[Round "1.5"]
[White "Pinno, Gregor"]
[Black "Kornick, Ulrich"]
[Result "0-1"]
[WhiteElo "1784"]
[BlackElo "1913"]
[PlyCount "98"]
[EventDate "2016.09.17"]
[EventType "team"]
[EventRounds "9"]
[EventCountry "GER"]
[SourceTitle "EXT 2018"]
[Source "ChessBase"]
[SourceDate "2017.10.13"]
[SourceVersion "1"]
[SourceVersionDate "2017.10.13"]
[SourceQuality "1"]
[WhiteTeam "Olfen"]
[BlackTeam "Rheine Klein Berlin"]
[WhiteTeamCountry "GER"]
[BlackTeamCountry "GER"]

1. Nf3 d5 2. g3 c5 3. Bg2 Nc6 4. d4 Bf5 5. 0-0 e6 6. c4 Qd7 7. Nc3 Nf6 8. Ne5 Nxe5 9. dxe5 d4 10. exf6 dxc3 11. Qxd7+ Kxd7 12. bxc3 gxf6 13. Bxb7 Rb8 14. Rd1+ Kc7 15. Bf3 Bd6 16. Ba3 Rb6 17. Rd2 Ra6 18. Rad1 Rb8 19. h4 Rb1 20. Rxb1 Bxb1 21. Rb2 Rb6 22. Rd2 h6 23. Kf1 Bg6 24. h5 Bh7 25. Kg2 Bf5 26. Kh2 Ra6 27. Bc1 Bf8 28. Rb2 Rb6 29. Kg2 Rxb2 30. Bxb2 Bb1 31. a3 Ba2 32. Be4 Bxc4 33. Kf3 f5 34. Bc2 Kb6 35. Bc1 Kb5 36. Ke3 Be7 37. Kf3 Bd5+ 38. e4 fxe4+ 39. Bxe4 Bf8 40. Bxd5 exd5 41. Ke2 Kc4 42. Kd2 Kb3 43. g4 Bg7 44. f4 Bxc3+ 45. Kd1 Bg7 46. g5 hxg5 47. fxg5 c4 48. h6 Be5 49. h7 c3 0-1

[Event "Muensterland Verbandsliga 1516"]
[Site "Germany"]
[Date "2016.02.13"]
[Round "6.6"]
[White "Woltering, Martin"]
[Black "Pinno, Gregor"]
[Result "1-0"]
[WhiteElo "1738"]
[BlackElo "1775"]
[PlyCount "85"]
[EventDate "2015.09.12"]
[EventType "team"]
[EventRounds "9"]
[EventCountry "GER"]
[SourceTitle "EXT 2017"]
[Source "ChessBase"]
[SourceDate "2016.10.25"]
[SourceVersion "1"]
[SourceVersionDate "2016.10.25"]
[SourceQuality "1"]
[WhiteTeam "Ahaus Wessum"]
[BlackTeam "Olfen"]
[WhiteTeamCountry "GER"]
[BlackTeamCountry "GER"]

1. e4 c5 2. Nc3 Nc6 3. f4 g6 4. Nf3 Bg7 5. Bb5 e6 6. 0-0 Nge7 7. Bxc6 Nxc6 8. d3 0-0 9. Be3 b6 10. Qe1 d5 11. Bd2 Rb8 12. e5 b5 13. Qg3 a5 14. a3 Qe7 15. Qh3 b4 16. axb4 axb4 17. Nd1 Bb7 18. Nf2 Ra8 19. Ng5 h6 20. Nf3 Rxa1 21. Rxa1 Ra8 22. Re1 Ra2 23. Bc1 Bc8 24. Ng4 h5 25. Ne3 Bd7 26. g4 hxg4 27. Nxg4 Ra1 28. c3 bxc3 29. bxc3 Na5 30. Ng5 Nb3 31. Nh7 f5 32. exf6 Qd6 33. fxg7 Nxc1 34. Nhf6+ Kxg7 35. Qh7+ Kf8 36. Nxd7+ Ke8 37. Nge5 Ne2+ 38. Kf2 Rxe1 39. Kxe1 Nxc3 40. Qg8+ Ke7 41. Qxg6 Qa6 42. Qf7+ Kd6 43. Qf8+ 1-0

[Event "Muensterland Verbandsklasse-A 1213"]
[Site "Germany"]
[Date "2012.10.20"]
[Round "2.8"]
[White "Pinno, Gregor"]
[Black "Messelink, Gerrit"]
[Result "1-0"]
[WhiteElo "1746"]
[BlackElo "1581"]
[PlyCount "63"]
[EventDate "2012.09.15"]
[EventType "team-tourn"]
[EventRounds "9"]
[EventCountry "GER"]
[SourceTitle "EXT 2015"]
[Source "ChessBase"]
[SourceDate "2014.11.20"]
[SourceVersion "1"]
[SourceVersionDate "2014.11.20"]
[SourceQuality "1"]
[WhiteTeam "Olfen"]
[BlackTeam "Ahaus Wessum"]
[WhiteTeamCountry "GER"]
[BlackTeamCountry "GER"]

1. Nf3 Nf6 2. g3 g6 3. Bg2 Bg7 4. 0-0 d6 5. d4 Bf5 6. c4 c6 7. Nc3 Na6 8. Re1 Ne4 9. Nh4 Nxc3 10. bxc3 Bd7 11. e4 Qa5 12. Bb2 Rb8 13. Qc2 b5 14. cxb5 cxb5 15. a3 0-0 16. Nf3 Rfc8 17. Qd2 Bg4 18. Qg5 Bxf3 19. Bxf3 Bf6 20. Qf4 Nc7 21. Bg4 Ne6 22. Qe3 Rc7 23. f4 Rbc8 24. Rac1 Rxc3 25. Rxc3 Rxc3 26. Bxc3 Qxa3 27. Bxe6 fxe6 28. e5 dxe5 29. dxe5 b4 30. exf6 bxc3 31. Qxe6+ Kf8 32. fxe7+ 1-0

[Event "Dortmund Sparkassen op-B"]
[Site "Dortmund"]
[Date "2008.07.02"]
[Round "4"]
[White "Kropp, Andreas Juergen"]
[Black "Pinno, Gregor"]
[Result "1-0"]
[WhiteElo "1879"]
[BlackElo "1691"]
[PlyCount "133"]
[EventDate "2008.06.30"]
[EventType "swiss"]
[EventRounds "9"]
[EventCountry "GER"]
[SourceTitle "EXT 2022"]
[Source "ChessBase"]
[SourceDate "2021.10.06"]
[SourceVersion "1"]
[SourceVersionDate "2021.10.06"]
[SourceQuality "1"]

1. e4 c5 2. Nf3 e6 3. d4 cxd4 4. Nxd4 Bc5 5. Nb3 Bb6 6. c4 Ne7 7. Nc3 Nbc6 8. Bf4 e5 9. Bg3 d6 10. Nb5 Ba5+ 11. Nxa5 Qxa5+ 12. Qd2 Qxd2+ 13. Kxd2 Kd7 14. f3 b6 15. Bd3 Ba6 16. Bf2 Ng6 17. Nc3 Nf4 18. Bf1 Rab8 19. b3 Ne6 20. Rb1 Rhd8 21. Bd3 Nf4 22. a4 Rg8 23. Rhg1 Nb4 24. Be2 Nc6 25. Bd1 Ne6 26. Bc2 Nf4 27. Be3 Ne6 28. Rgd1 Nb4 29. Nb5 Nc6 30. Kc3 Bxb5 31. axb5 Ne7 32. Rd2 Nc8 33. Bd1 Ke7 34. g3 Rf8 35. Rf2 Rb7 36. f4 f6 37. Bg4 Rd8 38. Bxe6 Kxe6 39. f5+ Kf7 40. g4 h6 41. h4 Rh8 42. Rd1 Rc7 43. Bc1 Ke7 44. Rd3 Ke8 45. Rg2 Kf7 46. Ba3 Rd7 47. Rdg3 Ne7 48. g5 hxg5 49. hxg5 Rg8 50. Rh3 Rdd8 51. gxf6 Kxf6 52. Rd3 Nc8 53. Rg6+ Ke7 54. Re6+ Kf7 55. Bxd6 g5 56. Bxe5 Rxd3+ 57. Kxd3 g4 58. Rf6+ Ke7 59. Rg6 Rxg6 60. fxg6 Ke6 61. Bd4 Ne7 62. g7 Kf7 63. Ke3 Kg6 64. Kf4 Kh5 65. Bf6 Ng8 66. e5 Nh6 67. b4 1-0

[Event "Muensterland Verbandsliga 0607"]
[Site "Germany"]
[Date "2006.12.16"]
[Round "4.8"]
[White "Pinno, Gregor"]
[Black "Kornick, Ulrich"]
[Result "0-1"]
[WhiteElo "1544"]
[BlackElo "1811"]
[PlyCount "34"]
[EventDate "2006.09.16"]
[EventType "team"]
[EventRounds "9"]
[EventCountry "GER"]
[SourceTitle "EXT 2008"]
[Source "ChessBase"]
[SourceDate "2007.11.25"]
[SourceVersion "1"]
[SourceVersionDate "2007.11.25"]
[SourceQuality "1"]
[WhiteTeam "Olfen"]
[BlackTeam "Rheine Klein Berlin"]
[WhiteTeamCountry "GER"]
[BlackTeamCountry "GER"]

1. e4 e5 2. f4 Bc5 3. Nf3 d6 4. Nc3 Nc6 5. Na4 Bb6 6. Nxb6 axb6 7. Bc4 Nf6 8. Qe2 0-0 9. a3 exf4 10. Ng5 d5 11. Bxd5 Nxd5 12. exd5 Qxg5 13. dxc6 Bg4 14. h4 Qf5 15. Qc4 Rae8+ 16. Kf2 Re2+ 17. Kg1 f3 0-1

[Event "Muensterland Verbandsliga 0607"]
[Site "Germany"]
[Date "2006.11.25"]
[Round "3.8"]
[White "Pinno, Gregor"]
[Black "Weskamp, Matthias"]
[Result "0-1"]
[WhiteElo "1544"]
[BlackElo "1707"]
[PlyCount "73"]
[EventDate "2006.09.16"]
[EventType "team"]
[EventRounds "9"]
[EventCountry "GER"]
[SourceTitle "EXT 2008"]
[Source "ChessBase"]
[SourceDate "2007.11.25"]
[SourceVersion "1"]
[SourceVersionDate "2007.11.25"]
[SourceQuality "1"]
[WhiteTeam "Olfen"]
[BlackTeam "Westbevern"]
[WhiteTeamCountry "GER"]
[BlackTeamCountry "GER"]

1. e4 e5 2. f4 d5 3. exd5 exf4 4. Nf3 Qxd5 5. Nc3 Qe6+ 6. Be2 c6 7. 0-0 Bd6 8. d4 Ne7 9. Bd3 0-0 10. Ne4 Ng6 11. c3 Bc7 12. Neg5 Qf6 13. Qb3 Nd7 14. a4 a5 15. Ne4 Qd8 16. Bd2 Nf6 17. Nxf6+ Qxf6 18. Rf2 Qd6 19. Ng5 Qd5 20. Qxd5 cxd5 21. Raf1 h6 22. Nf3 Bd7 23. Bc2 Ne7 24. Re1 Rae8 25. Rfe2 Nc6 26. Bb3 Rxe2 27. Rxe2 Be6 28. Ne1 g5 29. Nd3 b6 30. Ba2 Kg7 31. Re1 Rd8 32. Nf2 Bf5 33. Bb3 Be6 34. Ba2 Rd7 35. Kf1 Kf8 36. Nd3 Bf5 37. Kf2 0-1

[Event "NRW Holiday U16"]
[Site "Wewelsburg"]
[Date "2003.09.12"]
[Round "7"]
[White "Pinno, Gregor"]
[Black "Rottmann, Christian"]
[Result "1/2-1/2"]
[WhiteElo "1126"]
[BlackElo "836"]
[PlyCount "47"]
[EventDate "2003.09.??"]
[EventType "swiss"]
[EventRounds "7"]
[EventCountry "GER"]
[SourceTitle "EXT 2005"]
[Source "ChessBase"]
[SourceDate "2004.11.15"]
[SourceVersion "1"]
[SourceVersionDate "2004.11.15"]
[SourceQuality "1"]

1. d4 Nf6 2. Nf3 e6 3. g3 d5 4. Bg2 c5 5. e3 Nc6 6. 0-0 Be7 7. dxc5 Bxc5 8. Bd2 0-0 9. Nc3 d4 10. exd4 Nxd4 11. Be3 Nxf3+ 12. Bxf3 Bb6 13. Qxd8 Rxd8 14. Bxb6 axb6 15. a3 e5 16. Bg2 Rb8 17. Rad1 Rxd1 18. Rxd1 Bd7 19. Ne4 Nxe4 20. Rxd7 Nc5 21. Rd1 Kf8 22. b4 Ne6 23. Rd6 b5 24. Rd5 1/2-1/2

[Event "NRW Holiday U16"]
[Site "Wewelsburg"]
[Date "2003.09.10"]
[Round "6"]
[White "Norget, Michael"]
[Black "Pinno, Gregor"]
[Result "1-0"]
[WhiteElo "1365"]
[BlackElo "1126"]
[PlyCount "115"]
[EventDate "2003.09.??"]
[EventType "swiss"]
[EventRounds "7"]
[EventCountry "GER"]
[SourceTitle "EXT 2005"]
[Source "ChessBase"]
[SourceDate "2004.11.15"]
[SourceVersion "1"]
[SourceVersionDate "2004.11.15"]
[SourceQuality "1"]

1. e4 e5 2. Nf3 Nc6 3. d4 d6 4. dxe5 dxe5 5. Qxd8+ Kxd8 6. Bb5 Bd6 7. Nc3 Nge7 8. 0-0 Bg4 9. Ng5 Ke8 10. Nd5 Rc8 11. h3 a6 12. Nxe7 axb5 13. Nxc6 bxc6 14. hxg4 f6 15. Nf3 Kf7 16. g5 Be7 17. gxf6 Bxf6 18. Bg5 Bxg5 19. Nxg5+ Kf6 20. Nf3 Rcg8 21. Rfd1 h5 22. Rd7 Rc8 23. Nh4 g5 24. Nf5 h4 25. Rg7 h3 26. gxh3 Rxh3 27. Rd1 Rch8 28. Kg2 Rh2+ 29. Kf3 R8h3+ 30. Ke2 Rg2 31. Rxc7 g4 32. Kf1 Rgh2 33. Rxc6+ Kg5 34. Rc5 Rh1+ 35. Ke2 R1h2 36. Rxb5 g3 37. Nxg3 Rxg3 38. a4 Rgh3 39. a5 Rh8 40. a6 Ra8 41. Ra1 Rh6 42. a7 Rh7 43. Rba5 Rb7 44. b3 Kf4 45. f3 Rd7 46. c4 Re7 47. b4 Kg5 48. c5 Kf6 49. b5 Kf7 50. c6 Ke8 51. b6 Rf7 52. b7 Rd8 53. b8Q Rxb8 54. axb8Q+ Ke7 55. Ra7+ Kf6 56. Rxf7+ Kxf7 57. Qxe5 Kf8 58. Qc7 1-0

[Event "NRW Holiday U16"]
[Site "Wewelsburg"]
[Date "2003.09.08"]
[Round "4"]
[White "Pinno, Gregor"]
[Black "Schwarzenberger, Alexander"]
[Result "1-0"]
[WhiteElo "1126"]
[BlackElo "1073"]
[PlyCount "61"]
[EventDate "2003.09.??"]
[EventType "swiss"]
[EventRounds "7"]
[EventCountry "GER"]
[SourceTitle "EXT 2005"]
[Source "ChessBase"]
[SourceDate "2004.11.15"]
[SourceVersion "1"]
[SourceVersionDate "2004.11.15"]
[SourceQuality "1"]

1. d4 d5 2. Bf4 Nf6 3. Nc3 a6 4. g3 g6 5. Bg2 Bf5 6. Nf3 e6 7. 0-0 Bg7 8. Qd2 0-0 9. Bh6 Ne4 10. Nxe4 dxe4 11. Bxg7 Kxg7 12. Nh4 Qf6 13. Nxf5+ Qxf5 14. c4 Rd8 15. f3 Qf6 16. e3 exf3 17. Bxf3 c6 18. Bxc6 Qe7 19. Bg2 e5 20. Rae1 Nc6 21. d5 Nb4 22. Qc3 Rdc8 23. e4 a5 24. a3 Na6 25. Qxa5 Qc5+ 26. Qxc5 Rxc5 27. Rc1 Rd8 28. h4 Rcc8 29. Rfd1 Rd7 30. Bh3 f5 31. exf5 1-0